| 000 | 00451nam a2200109Ia 4500 | ||
|---|---|---|---|
| 008 | 160909s9999 xx 000 0 und d | ||
| 100 | _aAbuhlaleh, Ali | ||
| 245 | 4 | _aThe Impact of Interscholastic Athletic Directors' Transformational Leadership Style and Gender on Organizational Effectiveness | |
| 260 |
_bConcordia University Chicago. _c2016 |
||
| 650 | _aHUMAN RESOURCE MANAGEMENT | ||
| 856 | _uhttp://pqdtopen.proquest.com/doc/1807434705.html?FMT=ABS | ||
| 999 |
_c304748 _d304748 |
||